000 00930nam a2200253Ia 4500
003 OSt
005 20221005112905.0
006 a|||||r|||| 00| 0
007 ta
008 221004b |||||||| |||| 00| 0 pan d
020 _a8126013060 (hbk)
_c300
024 _a104602
037 _b519, 02/02/2011, H.K. Prakashan
_cTextual
040 _aCRL
_cCRL
_bpan
041 _2pan
_apan
082 _aO153:g, P2
100 _aਨਾਰੰਗ, ਗੋਪੀਚੰਦ
245 0 _aਸੰਰਚਨਾਵਾਦ ਉੱਤਰ ਸੰਰਚਨਾਵਾਦ ਅਤੇ ਪੂਰਬੀ ਕਾਵਿੑਾਸਤਰ
260 _aਦਿੱਲੀ
_bਸਾਹਿਤ ਅਕਾਦੇਮੀ ਭਾਰਤ
_c2002
300 _a528ਪੰ
_ccm.
650 _aਪੰਜਾਬੀ ਸਾਹਿਤ
942 _hO153:g, P2
_cTEXL
_2cc
999 _c1026335
_d1026335